| 000 | 00662 a2200181 4500 | ||
|---|---|---|---|
| 999 |
_c7727 _d7727 |
||
| 010 | _aENG-88171 | ||
| 020 |
_c895.00 _a9788189937294 |
||
| 035 | _aEN-71704 | ||
| 037 | _bDBAD / PUB | ||
| 082 | 1 | 4 | _a333.9115 |
| 100 | _aSingh, A. | ||
| 245 | 1 |
_aWater management: _cby A. Singh [and] Seema Singh _b[waste management, water borne diseases, water pollution, radioactive waste, sanitation and recycling of water]/ |
|
| 260 |
_aNew Delhi _bArise Publishers & Distributors _c2008 |
||
| 270 |
_a4648/1, 21, Ansari Road, Darya Ganj, _bNew Delhi _e110 002 |
||
| 300 |
_a336p. _c21cm(Hb) |
||
| 700 | _aSeema Singh | ||
| 942 |
_adpl _cEN _2ddc _h333.9115 _mSIN |
||